Gaming Quiz

Random Gaming or Pokémon Quiz

Pokemon Go Teams Quiz Stats

 Plays Quiz not verified by Sporcle

Challenge
Share
Tweet
Embed
Score 0/9 Timer 10:00
0 Plays Today
Hint Answer % Correct
Blue Teams NameMystic
100%
Yellow Teams NameInstinct
100%
Red Teams NameValor
100%
Blue Teams MascotArticuno
85.7%
Yellow Teams MascotZapdos
85.7%
Red Teams MascotMoltres
85.7%
Yellow Team Leaders NameSpark
85.7%
Blue Team Leaders NameBlanche
71.4%
Red Team Leaders NameCandela
71.4%

You're not logged in!

Compare scores with friends on all Sporcle quizzes.
Join for Free
OR
Log In

You Might Also Like...

Show Comments

Extras

Created Apr 4, 2017ReportNominate
Tags:Pokémon Quiz, team

Top Quizzes Today


Score Distribution

Your Account Isn't Verified!

In order to create a playlist on Sporcle, you need to verify the email address you used during registration. Go to your Sporcle Settings to finish the process.

Report this User

Report this user for behavior that violates our Community Guidelines.

Details: